[Event "6th Konex it"]
[Site "Buenos Aires ARG"]
[Date "1988.04.??"]
[Round "1"]
[White "Milos, Gilberto"]
[Black "Valiente, Cristobal"]
[Result "1-0"]
[WhiteElo "2510"]
[BlackElo "2320"]
[EventDate "1988.04.07"]
[PlyCount "72"]

1.d4 Nf6 2.c4 e6 3.Nc3 Bb4 4.e3 b6 5.Bd3 Bb7 6.Nf3 Ne4 7.Qc2 f5 8.O-O Nxc3
9.bxc3 Bxf3 10.gxf3 Qg5+ 11.Kh1 Bd6 12.f4 Qh6 13.Rg1 Nc6 14.Qe2 O-O 15.Bb2
Rf7 16.Rg3 Qf6 17.Rag1 g6 18.Qc2 Na5 19.c5 Bf8 20.c4 Bg7 21.Qa4 Qd8 22.Be2
Rb8 23.Ba3 Qc8 24.Rc1 Nb7 25.c6 Nd6 26.cxd7 Rxd7 27.Bf3 a6 28.Qc6 b5 29.c5
Nc4 30.Qxe6+ Kh8 31.Bb4 a5 32.Be1 Rd8 33.Bd5 Nb2 34.Bxa5 Nd3 35.Rc2 c6 36.
Qxc6 Ra8 1-0

[Event "6th Konex it"]
[Site "Buenos Aires ARG"]
[Date "1988.04.??"]
[Round "1"]
[White "Slipak, Sergio David"]
[Black "Franco Ocampos, Zenon"]
[Result "0-1"]
[WhiteElo "2395"]
[BlackElo "2425"]
[EventDate "1988.04.07"]
[PlyCount "118"]

1.Nf3 c5 2.g3 Nc6 3.Bg2 e5 4.e4 g6 5.O-O Bg7 6.Nc3 Nge7 7.d3 O-O 8.Nd2 d6 
9.Nc4 Be6 10.Ne3 Qd7 11.Ned5 Bh3 12.Bh6 Bxg2 13.Kxg2 f5 14.Bxg7 Kxg7 15.
exf5 Rxf5 16.Ne3 Rf7 17.Qg4 Nf5 18.Ncd5 Ncd4 19.Nxf5+ Nxf5 20.Qe4 Nd4 21.
c3 Nf3 22.Rad1 Raf8 23.h3 h5 24.h4 g5 25.hxg5 Nxg5 26.Qh4 Nf3 27.Qh3 Ne1+ 
28.Rdxe1 Rxf2+ 29.Rxf2 Rxf2+ 30.Kxf2 Qxh3 31.Ne3 h4 32.Rg1 Kf7 33.gxh4 
Qxh4+ 34.Ke2 Qa4 35.Ra1 b5 36.Kd2 Ke6 37.b3 Qf4 38.Re1 d5 39.Kd1 a5 40.Re2
Kd6 41.c4 e4 42.Nxd5 Qf1+ 43.Kd2 Qa1 44.dxe4 Qxa2+ 45.Ke1 Qa1+ 46.Kf2 bxc4
47.bxc4 Qd4+ 48.Kf3 Qxc4 49.Nf4 Ke5 50.Ng6+ Kf6 51.Nf4 a4 52.e5+ Kf5 53.
Ng2 Qg4+ 54.Kf2 Ke6 55.Re3 c4 56.Ne1 Qh4+ 57.Ke2 Qh2+ 58.Kd1 Qb2 59.Nc2 c3
0-1

[Event "6th Konex it"]
[Site "Buenos Aires ARG"]
[Date "1988.04.??"]
[Round "1"]
[White "Cuasnicu, Oscar"]
[Black "Cifuentes Parada, Roberto"]
[Result "0-1"]
[WhiteElo "2370"]
[BlackElo "2530"]
[EventDate "1988.04.07"]
[PlyCount "73"]

1.e4 c5 2.Nf3 d6 3.d4 cxd4 4.Nxd4 Nf6 5.Nc3 Nc6 6.Bc4 Qb6 7.Nb3 e6 8.O-O 
a6 9.a4 Qc7 10.a5 Nxa5 11.Nxa5 b6 12.Qe2 bxa5 13.f4 Be7 14.Bd3 Bb7 15.Ra4 
Nd7 16.Be3 Nc5 17.Rc4 O-O 18.Na4 Rab8 19.e5 Qd7 20.exd6 Nxa4 21.dxe7 Rfe8 
22.Bd4 Rbc8 23.Qh5 f5 24.Qg5 Rxe7 25.Rxa4 Qxa4 26.Qxe7 Qxd4+ 27.Rf2 Bd5 
28.b3 h6 29.h3 a4 30.bxa4 Rb8 31.Qh4 Rb1+ 32.Kh2 a5 33.Qg3 Qa1 34.Qe3 Rh1+
35.Kg3 Qf6 36.Qa7 Qg6+ 37.Kh4 0-1

[Event "6th Konex it"]
[Site "Buenos Aires ARG"]
[Date "1988.04.??"]
[Round "1"]
[White "Tempone, Marcelo"]
[Black "Paglilla, Carlos"]
[Result "1/2-1/2"]
[WhiteElo "2450"]
[BlackElo "2315"]
[EventDate "1988.04.07"]
[PlyCount "21"]

1.d4 Nf6 2.c4 e6 3.Nf3 b6 4.g3 Bb4+ 5.Bd2 Bxd2+ 6.Qxd2 Ba6 7.Qc2 c5 8.Bg2 
Nc6 9.dxc5 bxc5 10.Nbd2 O-O 11.O-O 1/2-1/2

[Event "6th Konex it"]
[Site "Buenos Aires ARG"]
[Date "1988.04.??"]
[Round "2"]
[White "Valiente, Cristobal"]
[Black "Urday Caceres, Henry"]
[Result "1/2-1/2"]
[WhiteElo "2320"]
[BlackElo "2425"]
[EventDate "1988.04.07"]
[PlyCount "35"]

1.Nf3 Nf6 2.c4 g6 3.Nc3 Bg7 4.g3 d6 5.d4 O-O 6.Bg2 Nc6 7.O-O a6 8.d5 Na5 
9.Nd2 c5 10.Qc2 Rb8 11.b3 b5 12.Bb2 bxc4 13.bxc4 Bh6 14.f4 Ng4 15.Nd1 f5 
16.Bc3 Bd7 17.e4 fxe4 18.Bxe4 1/2-1/2

[Event "6th Konex it"]
[Site "Buenos Aires ARG"]
[Date "1988.04.??"]
[Round "2"]
[White "Cuasnicu, Oscar"]
[Black "Tempone, Marcelo"]
[Result "1/2-1/2"]
[WhiteElo "2370"]
[BlackElo "2450"]
[EventDate "1988.04.07"]
[PlyCount "93"]

1.e4 e6 2.d4 d5 3.Nc3 Bb4 4.e5 c5 5.a3 Ba5 6.b4 cxd4 7.Nb5 Bc7 8.Nf3 Nc6 
9.Bf4 Nge7 10.Bd3 Ng6 11.Nxc7+ Qxc7 12.Bg3 Bd7 13.O-O Qb6 14.Qd2 h6 15.
Rfd1 a6 16.Bxg6 fxg6 17.Nxd4 Qxd4 18.Qxd4 Nxd4 19.Rxd4 Rc8 20.Rc1 Rc3 21.
Rd3 Rc4 22.f3 Kf7 23.Bf2 Rhc8 24.c3 Bb5 25.Bd4 Rxb4 26.axb4 Bxd3 27.Kf2 
Ke7 28.Ke3 Bc4 29.Bc5+ Kd7 30.Ra1 Kc6 31.h4 b6 32.Bd6 Ra8 33.g4 a5 34.bxa5
bxa5 35.f4 a4 36.Ba3 Bb3 37.Rf1 Bc2 38.Rf2 Bd1 39.f5 gxf5 40.gxf5 exf5 41.
Rxf5 Kd7 42.Rf7+ Ke6 43.Re7+ Kf5 44.Kd4 Rc8 45.Bc5 Ra8 46.Ba3 Rc8 47.Bc5 
1/2-1/2

[Event "6th Konex it"]
[Site "Buenos Aires ARG"]
[Date "1988.04.??"]
[Round "2"]
[White "Cifuentes Parada, Roberto"]
[Black "Szmetan, Jorge"]
[Result "1/2-1/2"]
[WhiteElo "2530"]
[BlackElo "2405"]
[EventDate "1988.04.07"]
[PlyCount "106"]

1.d4 Nf6 2.Nf3 g6 3.Bg5 Bg7 4.Nbd2 c5 5.Bxf6 Bxf6 6.Ne4 Bxd4 7.Nxd4 cxd4 
8.Qxd4 O-O 9.O-O-O Nc6 10.Qd2 Qa5 11.Nc3 d6 12.h4 Be6 13.Kb1 Ne5 14.e4 
Rfc8 15.Nd5 Qxd2 16.Rxd2 Bxd5 17.exd5 Rc5 18.Be2 b5 19.a3 a5 20.Rh3 a4 21.
f4 Nc4 22.Rd4 Nb6 23.Rhd3 Rac8 24.Bg4 R8c7 25.Bd1 Kg7 26.b3 Rc3 27.Rxc3 
Rxc3 28.Kb2 Rc5 29.Bf3 h6 30.b4 Nc4+ 31.Rxc4 Rxc4 32.Be2 Rxf4 33.Bxb5 e6 
34.Bxa4 Kf6 35.Bc6 Ke7 36.Kb3 e5 37.b5 e4 38.b6 Kd8 39.Kc3 Rf2 40.a4 Rf1 
41.Bb5 Rb1 42.Kd4 Kc8 43.c4 Ra1 44.c5 dxc5+ 45.Kxc5 e3 46.Ba6+ Kb8 47.d6 
Rc1+ 48.Kd5 Rd1+ 49.Kc6 Rc1+ 50.Kd5 Rd1+ 51.Kc5 Rc1+ 52.Kd5 Rd1+ 53.Kc6 
Rc1+ 1/2-1/2

[Event "6th Konex it"]
[Site "Buenos Aires ARG"]
[Date "1988.04.??"]
[Round "2"]
[White "Milos, Gilberto"]
[Black "Franco Ocampos, Zenon"]
[Result "1-0"]
[WhiteElo "2510"]
[BlackElo "2425"]
[EventDate "1988.04.07"]
[PlyCount "75"]

1.Nf3 c5 2.g3 Nc6 3.Bg2 e5 4.c4 Nge7 5.Nc3 d6 6.a3 g6 7.b4 Bg7 8.Rb1 O-O 
9.d3 Rb8 10.bxc5 dxc5 11.O-O b6 12.Bd2 h6 13.Ne1 Be6 14.Nc2 Qd7 15.Ne3 Bh3
16.Bxh3 Qxh3 17.Ned5 f5 18.f4 g5 19.fxg5 f4 20.Nxe7+ Nxe7 21.Ne4 hxg5 22.
Nxg5 Qg4 23.Ne4 Nf5 24.Rf2 Rf7 25.Rg2 fxg3 26.hxg3 Rbf8 27.Bg5 Nd4 28.Qd2 
Rf5 29.Rh2 Ne6 30.Rh4 Rxg5 31.Rxg4 Rxg4 32.Rf1 Nf4 33.e3 Nh3+ 34.Kg2 Rxf1 
35.Kxf1 Rg6 36.Qe2 Rh6 37.Qg4 a5 38.Kg2 1-0

[Event "6th Konex it"]
[Site "Buenos Aires ARG"]
[Date "1988.04.??"]
[Round "3"]
[White "Valiente, Cristobal"]
[Black "Franco Ocampos, Zenon"]
[Result "0-1"]
[WhiteElo "2320"]
[BlackElo "2425"]
[EventDate "1988.04.07"]
[PlyCount "72"]

1.c4 Nf6 2.Nc3 e5 3.g3 d5 4.cxd5 Nxd5 5.Bg2 Ne7 6.Nf3 Nbc6 7.b4 a6 8.a3 g6
9.d3 Bg7 10.Bb2 O-O 11.O-O h6 12.Rc1 Be6 13.e3 Qd7 14.Qc2 Bh3 15.Rfd1 Bxg2
16.Kxg2 Rad8 17.Ne4 Qc8 18.Qb3 Kh8 19.a4 f5 20.Nc5 f4 21.Qe6 fxe3 22.b5 
axb5 23.axb5 Nd4 24.Bxd4 exd4 25.Qxc8 Rxc8 26.Ne6 Rf7 27.Rxc7 Rxc7 28.Nxc7
exf2 29.Kxf2 g5 30.Ke2 Nf5 31.Rc1 Re7+ 32.Kd2 g4 33.Ne1 h5 34.Rc5 Bh6+ 35.
Kc2 Rxe1 36.Rxf5 Rc1+ 0-1

[Event "6th Konex it"]
[Site "Buenos Aires ARG"]
[Date "1988.04.??"]
[Round "3"]
[White "Hoffman, Alejandro"]
[Black "Cifuentes Parada, Roberto"]
[Result "1-0"]
[WhiteElo "2390"]
[BlackElo "2530"]
[EventDate "1988.04.07"]
[PlyCount "67"]

1.d4 Nf6 2.c4 e6 3.Nc3 Bb4 4.e3 b6 5.Nf3 Bb7 6.Bd3 O-O 7.Qc2 c5 8.a3 cxd4 
9.axb4 dxc3 10.bxc3 d5 11.cxd5 exd5 12.O-O Nbd7 13.Bb2 Qe7 14.Rfd1 Rfc8 
15.Bf5 Rc7 16.Rd4 Nf8 17.b5 g6 18.Bd3 Ne6 19.Rda4 Bc8 20.c4 Nc5 21.Qc3 
Nxa4 22.Rxa4 dxc4 23.Rxc4 Rxc4 24.Bxc4 Kg7 25.Ne5 h5 26.h4 Bb7 27.Nxf7 Re8
28.Ng5 Qd6 29.f3 a5 30.bxa6 Bc6 31.a7 b5 32.Bb3 b4 33.Qc4 Rxe3 34.Qg8+ 1-0

[Event "6th Konex it"]
[Site "Buenos Aires ARG"]
[Date "1988.04.??"]
[Round "3"]
[White "Tempone, Marcelo"]
[Black "Szmetan, Jorge"]
[Result "1/2-1/2"]
[WhiteElo "2450"]
[BlackElo "2405"]
[EventDate "1988.04.07"]
[PlyCount "103"]

1.c4 e5 2.Nc3 Nf6 3.g3 c6 4.Nf3 d6 5.Bg2 Nbd7 6.O-O Be7 7.d4 O-O 8.e4 a6 
9.d5 cxd5 10.cxd5 b5 11.Ne1 b4 12.Na4 a5 13.Nd3 Ba6 14.Re1 Qb8 15.b3 Rc8 
16.Be3 Qb7 17.f3 Bd8 18.Ndb2 Nb6 19.Bf1 Nxa4 20.Nxa4 Nd7 21.Bxa6 Qxa6 22.
Qe2 Qxe2 23.Rxe2 Rab8 24.Ree1 Nb6 25.Rac1 Nxa4 26.bxa4 Rc3 27.Rxc3 bxc3 
28.Rc1 Rc8 29.Kf1 Rc4 30.Ke2 Kf8 31.Rc2 Rxa4 32.Kd3 Ke8 33.Kxc3 Ra3+ 34.
Kd2 Kd7 35.Ke2 Ra4 36.Rb2 Bc7 37.Bd2 Ra3 38.g4 g6 39.g5 Bd8 40.Bc1 Rc3 41.
Be3 Bc7 42.Bd2 Ra3 43.Rc2 Bb6 44.Bc1 Ra4 45.a3 Bc5 46.Rc3 Bd4 47.Rb3 Kc7 
48.Kd3 Kc8 49.Rb1 Kc7 50.Rb3 Kc8 51.Rb5 Bc5 52.Rb3 1/2-1/2

[Event "6th Konex it"]
[Site "Buenos Aires ARG"]
[Date "1988.04.??"]
[Round "3"]
[White "Paglilla, Carlos"]
[Black "Urday Caceres, Henry"]
[Result "1-0"]
[WhiteElo "2315"]
[BlackElo "2425"]
[EventDate "1988.04.07"]
[PlyCount "143"]

1.e4 e6 2.d4 d5 3.Nd2 Nf6 4.e5 Nfd7 5.Bd3 c5 6.c3 Nc6 7.Ngf3 Qb6 8.O-O Be7
9.dxc5 Nxc5 10.Bc2 f5 11.exf6 Bxf6 12.Ng5 g6 13.Ndf3 Nd8 14.Be3 Qd6 15.b4 
Nd7 16.Ne4 Qc7 17.Nxf6+ Nxf6 18.Re1 O-O 19.Bh6 Re8 20.Qd4 Qe7 21.Ba4 Bd7 
22.Bg5 Bxa4 23.Bxf6 Nc6 24.Bxe7 Nxd4 25.Nxd4 Rxe7 26.Rxe6 Rxe6 27.Nxe6 Rc8
28.Rc1 Bd7 29.Nc5 Bc6 30.Nb3 b6 31.f3 Bd7 32.Kf2 Kf7 33.Ke3 Ke6 34.Kd2 Kd6
35.Nd4 Ra8 36.Rb1 Kc7 37.Nb3 Kd6 38.Nd4 Kc7 39.Nb3 Kd6 40.a3 Bf5 41.Re1 
Bd7 42.Kc1 Rf8 43.Nd4 Rc8 44.Kb2 a5 45.f4 Rf8 46.g3 h6 47.h4 Rf7 48.Re5 
axb4 49.axb4 Rf8 50.Nc2 Bf5 51.Na3 Bd3 52.Re3 Bf1 53.Nc2 Bg2 54.Nd4 Bh3 
55.Nf3 Bf5 56.Nd4 Bd7 57.Re1 Rf6 58.Ra1 g5 59.Ra6 Kc7 60.Ra7+ Kd8 61.hxg5 
hxg5 62.fxg5 Rf2+ 63.Kb3 Rg2 64.g6 Rxg3 65.g7 Ke8 66.Ra8+ Kf7 67.Rd8 Bh3 
68.Rxd5 Rg6 69.Nf5 Bxf5 70.Rxf5+ Kxg7 71.Ka4 Rc6 72.Rf3 1-0

[Event "6th Konex it"]
[Site "Buenos Aires ARG"]
[Date "1988.04.??"]
[Round "4"]
[White "Paglilla, Carlos"]
[Black "Valiente, Cristobal"]
[Result "0-1"]
[WhiteElo "2315"]
[BlackElo "2320"]
[EventDate "1988.04.07"]
[PlyCount "64"]

1.e4 c5 2.Nf3 d6 3.d4 cxd4 4.Nxd4 Nf6 5.Nc3 e6 6.Bc4 Be7 7.O-O O-O 8.Bb3 
Na6 9.f4 Nc5 10.Qf3 a6 11.Kh1 Qc7 12.f5 b5 13.a3 Bb7 14.fxe6 fxe6 15.Nxe6 
Nxe6 16.Bxe6+ Kh8 17.Bf4 Qc5 18.Qe2 b4 19.axb4 Qxb4 20.e5 dxe5 21.Bxe5 
Rae8 22.Qc4 Qxc4 23.Bxc4 Ng4 24.Bg3 Ne3 25.Rxf8+ Rxf8 26.Bd3 Bxg2+ 27.Kg1 
Bb7 28.Ra5 Bd8 29.Re5 Nc4 30.Be4 Bb6+ 31.Kg2 Ne3+ 32.Kg1 Rf1# 0-1

[Event "6th Konex it"]
[Site "Buenos Aires ARG"]
[Date "1988.04.??"]
[Round "4"]
[White "Panno, Oscar"]
[Black "Szmetan, Jorge"]
[Result "1/2-1/2"]
[WhiteElo "2515"]
[BlackElo "2405"]
[EventDate "1988.04.07"]
[PlyCount "58"]

1.d4 Nf6 2.Nf3 g6 3.Bf4 Bg7 4.e3 d6 5.h3 O-O 6.Be2 b6 7.O-O Bb7 8.a4 a6 9.
Na3 Nbd7 10.Bh2 Ne4 11.Nc4 e6 12.Nfd2 Nxd2 13.Nxd2 e5 14.Bf3 Bxf3 15.Nxf3 
Qe7 16.dxe5 Nxe5 17.c3 Rfe8 18.Bxe5 dxe5 19.e4 Qe6 20.Qc2 Red8 21.Rfd1 Bf8
22.Rd3 Rxd3 23.Qxd3 Be7 24.Rd1 Rd8 25.Qc2 Rxd1+ 26.Qxd1 Bd6 27.b3 b5 28.
axb5 axb5 29.Kf1 Kg7 1/2-1/2

[Event "6th Konex it"]
[Site "Buenos Aires ARG"]
[Date "1988.04.??"]
[Round "4"]
[White "Tempone, Marcelo"]
[Black "Hoffman, Alejandro"]
[Result "1/2-1/2"]
[WhiteElo "2450"]
[BlackElo "2390"]
[EventDate "1988.04.07"]
[PlyCount "75"]

1.c4 e6 2.Nc3 d5 3.d4 Be7 4.Nf3 Nf6 5.Bg5 O-O 6.e3 Nbd7 7.Qc2 h6 8.h4 c5 
9.O-O-O cxd4 10.Bxf6 Bxf6 11.exd4 dxc4 12.Bxc4 Nb6 13.Bb3 Nd5 14.g4 Nxc3 
15.bxc3 Qc7 16.g5 Qf4+ 17.Nd2 Be7 18.Qe4 Qxe4 19.Nxe4 Bd7 20.Rhg1 Bc6 21.
d5 exd5 22.Bxd5 hxg5 23.hxg5 Bxd5 24.Rxd5 Rfd8 25.Re5 Bd6 26.Nxd6 Rxd6 27.
Re7 Rc8 28.Rg3 Rdc6 29.Kc2 R8c7 30.Re8+ Kh7 31.f4 Rc5 32.Rh3+ Kg6 33.Rg8 
Rc4 34.Rh6+ Kf5 35.Rxg7 Rxc3+ 36.Kb2 Rc2+ 37.Kb1 Rc1+ 38.Kb2 1/2-1/2

[Event "6th Konex it"]
[Site "Buenos Aires ARG"]
[Date "1988.04.??"]
[Round "4"]
[White "Cifuentes Parada, Roberto"]
[Black "Ricardi, Pablo"]
[Result "1/2-1/2"]
[WhiteElo "2530"]
[BlackElo "2415"]
[EventDate "1988.04.07"]
[PlyCount "151"]

1.d4 Nf6 2.c4 g6 3.Nc3 d5 4.Bf4 Bg7 5.Rc1 O-O 6.e3 c5 7.dxc5 Be6 8.Nf3 Nc6
9.Be2 Qa5 10.Ng5 Rad8 11.Nxe6 fxe6 12.Qa4 Qxc5 13.Qb5 Qxb5 14.cxb5 Nb8 15.
O-O Nbd7 16.Rfd1 Rc8 17.Bg3 Nb6 18.Bf3 Rfd8 19.Rc2 Ne8 20.Rdc1 Nd6 21.Be2 
Nbc4 22.Nd1 Nxb5 23.b3 Nba3 24.bxc4 Nxc2 25.Rxc2 dxc4 26.Nc3 a6 27.f4 b5 
28.Ne4 c3 29.a3 Rd5 30.Be1 a5 31.Bg4 Rc6 32.Bxc3 Kf7 33.Ng5+ Rxg5 34.fxg5 
Bxc3 35.Rf2+ Ke8 36.Bd1 Rc5 37.h4 Be5 38.Rc2 Rd5 39.Bf3 Rd3 40.Bc6+ Kd8 
41.Bxb5 Rxa3 42.Kf2 Rb3 43.Bc4 Rb6 44.g4 Bb2 45.Ke2 a4 46.Kd3 Rd6+ 47.Ke2 
Rb6 48.Kd3 a3 49.Ba2 Kd7 50.Rc4 Ra6 51.Re4 Rb6 52.Rc4 Ra6 53.Re4 Bg7 54.
Rc4 Be5 55.Re4 Ra5 56.h5 Bb2 57.hxg6 hxg6 58.Rxe6 Rxg5 59.Ra6 Kc7 60.Ra4 
Kb6 61.Re4 Be5 62.Ra4 Bd6 63.Bf7 Bc5 64.Re4 Ka5 65.Bb3 Bb4 66.Rd4 Rb5 67.
Rd5 Bc5 68.Kc4 Rb4+ 69.Kxc5 Rxb3 70.Kc4+ Ka4 71.Rd7 Rb5 72.Ra7+ Ra5 73.Rb7
Ra8 74.Rb4+ Ka5 75.Kb3 Ra6 76.Ra4+ 1/2-1/2

[Event "6th Konex it"]
[Site "Buenos Aires ARG"]
[Date "1988.04.??"]
[Round "4"]
[White "Giardelli, Sergio Carlos"]
[Black "Slipak, Sergio David"]
[Result "0-1"]
[WhiteElo "2380"]
[BlackElo "2395"]
[EventDate "1988.04.07"]
[PlyCount "96"]

1.c4 c5 2.Nf3 b6 3.Nc3 Bb7 4.e3 g6 5.d4 cxd4 6.exd4 Bg7 7.Be2 Nf6 8.d5 O-O
9.O-O d6 10.Nd4 Nbd7 11.a4 a6 12.Re1 Re8 13.Bf1 Rc8 14.a5 Ne5 15.Ra4 b5 
16.cxb5 Nxd5 17.Nxd5 Bxd5 18.b6 Bb7 19.b4 Nc4 20.b5 d5 21.bxa6 Bxa6 22.Nb3
Qd7 23.Nd2 Nxb6 24.axb6 Rxc1 25.Qxc1 Qxa4 26.Bxa6 Qxa6 27.Qc6 Rf8 28.g3 e6
29.Rb1 Be5 30.Qc5 Kg7 31.b7 Rb8 32.Qb4 Qd3 33.Rb3 Qd4 34.Qxd4 Bxd4 35.Rb5 
Kf6 36.Nb3 Ke5 37.Kg2 Ba7 38.Na5 Kd6 39.Rb1 Bc5 40.Rc1 e5 41.Rb1 f5 42.f3 
e4 43.g4 d4 44.fxe4 fxe4 45.Rf1 d3 46.Rf6+ Kd5 47.Rf7 Bb4 48.Rd7+ Ke6 0-1

[Event "6th Konex it"]
[Site "Buenos Aires ARG"]
[Date "1988.04.??"]
[Round "4"]
[White "Najdorf, Miguel"]
[Black "Milos, Gilberto"]
[Result "1/2-1/2"]
[WhiteElo "2465"]
[BlackElo "2510"]
[EventDate "1988.04.07"]
[PlyCount "58"]

1.Nf3 Nf6 2.g3 g6 3.b3 Bg7 4.Bb2 O-O 5.Bg2 d5 6.c4 a5 7.O-O c6 8.d4 Bf5 9.
Nc3 Ne4 10.cxd5 Nxc3 11.Bxc3 cxd5 12.Ne5 Nc6 13.Nxc6 bxc6 14.Rc1 Qb6 15.e3
Rfc8 16.a3 Bf8 17.b4 axb4 18.Bxb4 Bd7 19.Rc3 Qd8 20.Qc2 e6 21.Bxf8 Qxf8 
22.Ra1 Ra5 23.Bf1 Qd6 24.Rc5 Rxc5 25.dxc5 Qe5 26.Rb1 Ra8 27.a4 Be8 28.Be2 
Kf8 29.Bd1 d4 1/2-1/2

[Event "6th Konex it"]
[Site "Buenos Aires ARG"]
[Date "1988.04.??"]
[Round "5"]
[White "Giardelli, Sergio Carlos"]
[Black "Milos, Gilberto"]
[Result "1/2-1/2"]
[WhiteElo "2380"]
[BlackElo "2510"]
[EventDate "1988.04.07"]
[PlyCount "86"]

1.Nf3 Nf6 2.d4 g6 3.Bg5 Bg7 4.Nbd2 d5 5.e3 c5 6.c3 cxd4 7.exd4 Nc6 8.Bd3 
O-O 9.O-O Bf5 10.Qe2 Bxd3 11.Qxd3 Qd6 12.Bxf6 Bxf6 13.a4 e6 14.a5 Bd8 15.
Nb3 Bc7 16.Rfe1 Rae8 17.g3 Rb8 18.Ne5 Qd8 19.Qb5 a6 20.Qa4 Bxe5 21.dxe5 
Qc7 22.Qf4 b6 23.axb6 Rxb6 24.Nd4 Nxd4 25.cxd4 Qc2 26.Ra2 Ra8 27.Rc1 Qb3 
28.Rc7 Rf8 29.Ra1 Qxb2 30.Rac1 Rb7 31.h4 Rxc7 32.Rxc7 h5 33.Kg2 a5 34.Ra7 
Qb6 35.Re7 Qb4 36.Ra7 Qb6 37.Re7 a4 38.g4 hxg4 39.Qxg4 Qb1 40.Ra7 Qc2 41.
h5 Kg7 42.hxg6 Qxg6 43.Qxg6+ Kxg6 1/2-1/2

[Event "6th Konex it"]
[Site "Buenos Aires ARG"]
[Date "1988.04.??"]
[Round "5"]
[White "Slipak, Sergio David"]
[Black "Cifuentes Parada, Roberto"]
[Result "0-1"]
[WhiteElo "2395"]
[BlackElo "2530"]
[EventDate "1988.04.07"]
[PlyCount "56"]

1.Nf3 Nf6 2.b3 g6 3.Bb2 Bg7 4.g3 O-O 5.Bg2 d5 6.c4 c6 7.O-O a5 8.cxd5 cxd5
9.d4 Nc6 10.Ne5 a4 11.bxa4 Nxe5 12.dxe5 Ng4 13.Bxd5 Nxe5 14.Qb3 Qa5 15.Nc3
Bh3 16.Rfd1 e6 17.Bg2 Bxg2 18.Kxg2 Rfc8 19.Rac1 Rc4 20.Qb5 Qa7 21.e3 b6 
22.e4 h5 23.f3 Rc5 24.Qe2 Rac8 25.Rc2 Qa5 26.Rdc1 Nc4 27.Nd1 Bxb2 28.Nxb2 
Ne3+ 0-1

[Event "6th Konex it"]
[Site "Buenos Aires ARG"]
[Date "1988.04.??"]
[Round "5"]
[White "Tempone, Marcelo"]
[Black "Ricardi, Pablo"]
[Result "1/2-1/2"]
[WhiteElo "2450"]
[BlackElo "2415"]
[EventDate "1988.04.07"]
[PlyCount "29"]

1.Nf3 Nf6 2.c4 e6 3.Nc3 d5 4.d4 Be7 5.cxd5 exd5 6.g3 O-O 7.Bg2 c6 8.O-O 
Bf5 9.Bf4 Nbd7 10.Ne5 Nxe5 11.Bxe5 Nd7 12.Bf4 Nb6 13.b3 Qd7 14.a4 a5 15.
Qd2 1/2-1/2

[Event "6th Konex it"]
[Site "Buenos Aires ARG"]
[Date "1988.04.??"]
[Round "6"]
[White "Valiente, Cristobal"]
[Black "Cuasnicu, Oscar"]
[Result "0-1"]
[WhiteElo "2320"]
[BlackElo "2370"]
[EventDate "1988.04.07"]
[PlyCount "54"]

1.Nf3 Nf6 2.b3 g6 3.Bb2 Bg7 4.g3 b5 5.e4 Bb7 6.e5 Ng4 7.d4 O-O 8.h3 Nh6 9.
Bxb5 d6 10.Nbd2 c5 11.dxc5 Qa5 12.a4 dxe5 13.O-O a6 14.Qe2 axb5 15.axb5 
Qc7 16.c6 Nxc6 17.bxc6 Qxc6 18.Qc4 Qd7 19.Qe2 Rac8 20.Qd3 Qc6 21.Qc4 Qb6 
22.Qh4 Nf5 23.Qa4 Rxc2 24.Nc4 Rxc4 25.Qxc4 Bxf3 26.Ra6 Qd8 27.Qc3 Be2 0-1

[Event "6th Konex it"]
[Site "Buenos Aires ARG"]
[Date "1988.04.??"]
[Round "6"]
[White "Paglilla, Carlos"]
[Black "Szmetan, Jorge"]
[Result "1-0"]
[WhiteElo "2315"]
[BlackElo "2405"]
[EventDate "1988.04.07"]
[PlyCount "87"]

1.c4 c5 2.g3 Nf6 3.Bg2 e6 4.Nc3 d5 5.cxd5 exd5 6.d3 d4 7.Ne4 Nxe4 8.Bxe4 
h5 9.e3 Nc6 10.Ne2 h4 11.exd4 cxd4 12.O-O Be7 13.Nf4 Ne5 14.Nd5 Kf8 15.
Nxe7 Qxe7 16.Qa4 Bh3 17.Bd2 a5 18.Rfe1 Qf6 19.Bf4 Rh5 20.Bxe5 Rxe5 21.Qxd4
Rd8 22.Qc3 Rc8 23.Qa3+ Kg8 24.Rac1 Rce8 25.Qc3 b5 26.a3 Qe7 27.Re3 f5 28.
Bd5+ Kh7 29.Qxe5 Qxe5 30.Rxe5 Rxe5 31.Bf3 hxg3 32.hxg3 Bg4 33.d4 Re7 34.
Bxg4 fxg4 35.Rc5 Rb7 36.Rg5 Kh6 37.Rxg4 Rc7 38.d5 Rc2 39.Rd4 Rc7 40.d6 Rd7
41.b4 axb4 42.axb4 Kg6 43.f4 Kf5 44.Kf2 1-0

[Event "6th Konex it"]
[Site "Buenos Aires ARG"]
[Date "1988.04.??"]
[Round "6"]
[White "Urday Caceres, Henry"]
[Black "Hoffman, Alejandro"]
[Result "1-0"]
[WhiteElo "2425"]
[BlackElo "2390"]
[EventDate "1988.04.07"]
[PlyCount "65"]

1.e4 c6 2.d4 d5 3.Nd2 dxe4 4.Nxe4 Nd7 5.Bc4 Ngf6 6.Ng5 e6 7.Qe2 Nb6 8.Bd3 
h6 9.N5f3 c5 10.dxc5 Bxc5 11.Ne5 Qc7 12.Ngf3 Nbd7 13.O-O O-O 14.Bf4 Bd6 
15.Rfe1 a6 16.Rad1 Nc5 17.c4 Nh5 18.Bc1 Nxd3 19.Rxd3 Qe7 20.Red1 Bc7 21.g4
Nf6 22.g5 hxg5 23.Bxg5 Re8 24.Rd4 b6 25.Rh4 Qc5 26.Bxf6 gxf6 27.Qe4 Bxe5 
28.Qg4+ Kf8 29.Rh8+ Ke7 30.Rxe8+ Kxe8 31.Qg8+ Qf8 32.Rd8+ Kxd8 33.Qxf8+ 
1-0

[Event "6th Konex it"]
[Site "Buenos Aires ARG"]
[Date "1988.04.??"]
[Round "6"]
[White "Panno, Oscar"]
[Black "Ricardi, Pablo"]
[Result "1-0"]
[WhiteElo "2515"]
[BlackElo "2415"]
[EventDate "1988.04.07"]
[PlyCount "109"]

1.d4 Nf6 2.c4 g6 3.Nc3 d5 4.Nf3 Bg7 5.e3 O-O 6.Qb3 e6 7.Be2 Nc6 8.O-O Na5 
9.Qa4 Nxc4 10.Bxc4 dxc4 11.Qxc4 a6 12.e4 b5 13.Qb3 Bb7 14.Re1 c5 15.dxc5 
Qc7 16.a4 Qxc5 17.axb5 Ng4 18.h3 Qxf2+ 19.Kh1 Bxc3 20.bxc3 Nf6 21.Be3 Qg3 
22.Bd4 Nxe4 23.bxa6 Bd5 24.Qc2 Qf4 25.Kg1 Rfc8 26.Ra3 Ng5 27.Qf2 Bxf3 28.
h4 Bxg2 29.Kxg2 Qxf2+ 30.Kxf2 e5 31.Rxe5 Ne6 32.Be3 Rc6 33.a7 Kg7 34.Rb3 
Rc7 35.Ra5 Rcc8 36.Rb7 Nd8 37.Bd4+ Kf8 38.Rb1 Nc6 39.Bc5+ Kg7 40.Ra6 Rc7 
41.Be3 f6 42.Rba1 Kf7 43.Ke2 Ke7 44.Rd1 Ne5 45.Bb6 Rc6 46.Rd8 Rxb6 47.Rxb6
Rxa7 48.Rh8 h5 49.Rh7+ Nf7 50.Ke3 Rc7 51.Kd2 Rd7+ 52.Kc2 Kf8 53.Rb8+ Ke7 
54.Rg8 Ke6 55.Rxg6 1-0

[Event "6th Konex it"]
[Site "Buenos Aires ARG"]
[Date "1988.04.??"]
[Round "6"]
[White "Slipak, Sergio David"]
[Black "Tempone, Marcelo"]
[Result "1/2-1/2"]
[WhiteElo "2395"]
[BlackElo "2450"]
[EventDate "1988.04.07"]
[PlyCount "32"]

1.e4 e5 2.Nf3 Nc6 3.Bb5 Bc5 4.O-O Nd4 5.Nxd4 Bxd4 6.c3 Bb6 7.d4 c6 8.Ba4 
d6 9.dxe5 dxe5 10.Qxd8+ Bxd8 11.Nd2 Nf6 12.Re1 Nd7 13.Bc2 Bc7 14.a4 Nf8 
15.Nc4 Be6 16.Ne3 O-O-O 1/2-1/2

[Event "6th Konex it"]
[Site "Buenos Aires ARG"]
[Date "1988.04.??"]
[Round "7"]
[White "Ricardi, Pablo"]
[Black "Urday Caceres, Henry"]
[Result "1-0"]
[WhiteElo "2415"]
[BlackElo "2425"]
[EventDate "1988.04.07"]
[PlyCount "163"]

1.Nf3 c5 2.e4 e6 3.b3 Nc6 4.Bb2 Nf6 5.e5 Nd5 6.g3 Be7 7.Bg2 O-O 8.O-O f6 
9.Na3 fxe5 10.Nxe5 Bf6 11.Nac4 Rb8 12.Qh5 Nce7 13.Rfe1 g6 14.Qe2 Qc7 15.
Ng4 Bxb2 16.Nxb2 b6 17.h4 Nf6 18.Nc4 Nf5 19.c3 Bb7 20.Nxf6+ Rxf6 21.Qe5 
Qd8 22.Bxb7 Rxb7 23.Ne3 Qf8 24.Nxf5 Rxf5 25.Qe4 Rb8 26.Re2 Qf7 27.d4 Rf8 
28.Rf1 cxd4 29.Qxd4 Rd5 30.Qe3 Qf5 31.Rd2 Rf7 32.Rxd5 Qxd5 33.c4 Qa5 34.a4
Qh5 35.b4 Qg4 36.Rc1 Qf3 37.Qd2 Qa3 38.a5 bxa5 39.bxa5 Qc5 40.Rc2 a6 41.
Kg2 Qc6+ 42.Kh2 Qc5 43.Kg1 Qc6 44.Qd4 Qa4 45.Rb2 Qxa5 46.Rb8+ Rf8 47.Rxf8+
Kxf8 48.Qh8+ Kf7 49.Qxh7+ Kf6 50.Qh8+ Kf7 51.Qd4 Qc7 52.g4 Qd8 53.g5 Kg8 
54.Qe4 Qe8 55.Qb7 a5 56.Qa7 d5 57.c5 Qa4 58.Qb8+ Kf7 59.Qe5 Qg4+ 60.Kf1 
Qd1+ 61.Kg2 Qg4+ 62.Qg3 Qxg3+ 63.Kxg3 a4 64.c6 Ke7 65.c7 Kd7 66.h5 a3 67.
hxg6 a2 68.c8=Q+ Kxc8 69.g7 a1=Q 70.g8=Q+ Kd7 71.Qf7+ Kd6 72.g6 Qg1+ 73.
Kh4 Qh2+ 74.Kg5 Qg1+ 75.Kh6 Qh2+ 76.Kg7 d4 77.Qf6 Kd5 78.Qf3+ Kc4 79.Kf6 
d3 80.g7 Qg1 81.Kf7 d2 82.g8=Q 1-0

[Event "6th Konex it"]
[Site "Buenos Aires ARG"]
[Date "1988.04.??"]
[Round "7"]
[White "Hoffman, Alejandro"]
[Black "Paglilla, Carlos"]
[Result "0-1"]
[WhiteElo "2390"]
[BlackElo "2315"]
[EventDate "1988.04.07"]
[PlyCount "84"]

1.d4 e6 2.Nf3 c5 3.e3 d5 4.b3 cxd4 5.exd4 Bb4+ 6.c3 Be7 7.Bd3 Nf6 8.O-O 
O-O 9.Qe2 a5 10.a4 b6 11.Ne5 Nfd7 12.f4 g6 13.Na3 Bb7 14.Nb5 Nf6 15.g4 
Nbd7 16.Be3 Ne4 17.Bxe4 dxe4 18.f5 exf5 19.gxf5 Bg5 20.Nxd7 Bxe3+ 21.Qxe3 
Qxd7 22.f6 Qg4+ 23.Kh1 Rad8 24.c4 Qh5 25.d5 Bc8 26.Rf4 Bg4 27.Nd4 Bf3+ 28.
Nxf3 exf3 29.Re1 Rde8 30.Qxe8 Qh3 31.Qxf8+ Kxf8 32.Rg1 h6 33.d6 g5 34.d7 
Qxd7 35.Rxf3 Qc6 36.Rf1 g4 37.Kg2 gxf3+ 38.Rxf3 Qe4 39.Kg3 Qe5+ 40.Kf2 
Qd4+ 41.Kg3 Ke8 42.Kg2 Kd7 0-1